| 000 | 00380nam a22001457a 4500 | ||
|---|---|---|---|
| 005 | 20250919154604.0 | ||
| 008 | 250919b |||||||| |||| 00| 0 eng d | ||
| 020 | _a9780435909727 | ||
| 050 |
_aPR9387 _b.E387 EME |
||
| 100 | _aEMECHETA BUCHI | ||
| 245 | _aTHE JOYS OF MOTHERHOOD | ||
| 260 |
_aOXFORD _bHEINEMANN EDUCATIONAL PUBLISHERS _c1979 |
||
| 300 | _a224p | ||
| 942 |
_2lcc _cBK _n0 |
||
| 999 |
_c7612 _d7612 |
||